000 00539nam a22001817a 4500
005 20231107133730.0
008 231107b |||||||| |||| 00| 0 eng d
020 _a070213080 ; 0702130796
041 _aEnglish
082 _a346.43 COO
100 _aCooper, WE
_lEnglish
245 _aLandlord and Tenant /
_cWE Cooper
250 _aSecond Edition
260 _aCape Town :
_bJuta and Comapny Ltd,
_c1994
300 _blii, 387 pages ;
_c25,5 cm.
650 _aLegal practice
_bLaw
942 _cBK
_6ALISON_BN_VRIES
999 _c383
_d383